| 000 | 00997nam a22002417a 4500 | ||
|---|---|---|---|
| 003 | 0 | ||
| 005 | 20250905095946.0 | ||
| 008 | 250905b xxu||||| |||| 00| 0 eng d | ||
| 020 | _a978-1-0719-1018-4 | ||
| 050 |
_aLC 3715 _b.H66 2024 |
||
| 100 |
_aHonigsfeld, Andrea, _eauthor. |
||
| 245 |
_aCollaboration for multilingual learners with exceptionalities : _bwe share the students / _cAndrea Honigsfeld and Audrey Cohan. |
||
| 260 |
_aThousand Oaks, California : _bCorwin, a Sage Company, _c2024. |
||
| 300 |
_axii, 194 pages : _bcolored illustrations ; _c28 cm. |
||
| 504 | _aIncludes bibliographical references and index. | ||
| 650 |
_aMultilingual education _zUnited States. |
||
| 650 |
_aEnglish language _xStudy and teaching _xForeign speakers _zUnited States. |
||
| 650 |
_aChildren with disabilities _xEducation _zUnited States. |
||
| 650 |
_aTeaching teams _zUnited States. |
||
| 650 |
_aSchool improvement programs _zUnited States. |
||
| 700 |
_aCohan, Audrey, _eauthor. |
||
| 942 |
_2lcc _cBK |
||
| 999 |
_c367768 _d367768 |
||